Statistics for Capitals that Contain the Country's Name

Click here to take the quiz!

General Stats

  • This quiz has been taken 59 times
  • The average score is 7 of 12

Answer Stats

Capital % Correct
Mexico City
86%
Panama City
75%
Vatican City
75%
Guatemala City
71%
San Marino
71%
Luxembourg
63%
Monaco
63%
Kuwait City
59%
Singapore
51%
Andorra la Vella
47%
Djibouti
37%
Brasília
24%

Score Distribution

Percentile by Number Answered

Percent of People with Each Score

Your Score History

You have not taken this quiz